Culture Générale - Série 290 - Statistiques

Statistiques générales
  • Ce quiz a été pris 275 fois
  • Le résultat moyen est 6 sur 10
Statistiques - réponses
Question Réponse % Correct
En géométrie, combien un hexagone a-t-il d'angles ? 6
99%
Quelle lettre trouve-t-on juste après le E sur un clavier d'ordinateur ? R
95%
Combien y a-t-il de joueurs par équipe sur un terrain de beach-volley ? 2
89%
Dans quelle matière apprend-on les identités remarquables ? Mathématiques
88%
Combien de vertèbres cervicales un être humain possède-t-il ? 7
80%
En gymnastique, aux JO, quel agrès long de 5 m est reservé aux femmes ? La poutre
70%
Dans quelle ville se trouve la tombe de François Mitterrand ? Jarnac
41%
Quels personnages de Calais donnent leur nom à une sculpture d'Auguste Rodin ? Les Bourgeois
38%
Quel film de 2004 est inspiré de "La Cage aux rossignols" avec Noël-Noël ? Les Choristes
12%
Quel club français a remporté la Coupe de France de football en 2007 ? Sochaux
10%
Aucun quiz correspondant
Distribution des résultats
% des personnes avec chaque résultat
Percentile par nombre de réponses
Votre historique - résultats
Vous n’avez pas pris ce quiz